Größte Tiere - Statistiken

Allgemein
  • Dieses Quiz wurde 142 mal gespielt
  • Das Durchschnittsergebnis liegt bei 8 aus 18
Antwortstatistiken
Rekord Antwort % Korrekt
schwerstes Landsäugetier 6,05 t Afrikanischer Elefant
97%
höchstes Landsäugetier 6 m Giraffe
97%
größtes Tier 33 m, 200 t Blauwal
94%
größter Vogel 2,5 m, 110 kg Afrikanischer Strauß
75%
schwerstes Reptil 1 t Leistenkrokodil
67%
größter räuberischer Fisch 5 m, 3,5 t Weißer Hai
63%
größter Fisch 13,7 m, 12 t Walhai
53%
größtes räuberisches Landsäugetier 3,4 m, 500 kg Eisbär
43%
flugfähiger Vogel mit größter Spannweite 3,5 m Wanderalbatros
43%
größtes räuberisches Säugetier 20 m, 50 t Pottwal
41%
größter räuberischer Vogel 2,8 m Spannweite Riesenseeadler
35%
größtes Reptil 9 m Große Anakonda
34%
Größter Krake 9,6 m, 272 kg Pazifischer Riesenkrake
20%
größtes Amphibium 1,8 m, 60 kg Chinesischer Riesensalamander
10%
Größte Landschnecke 39,3 cm Echte Achatschnecke
6%
Größter Kopffüßer 14 m, 750 kg Koloss-Kalmar
6%
größtes Insekt 64 cm Stabschrecke
4%
schwerster Flugfähiger Vogel 19 kg Riesentrappe
3%
Keine übereinstimmenden Quizze gefunden
Verteilung der Resultate
Anzahl Personen mit jedem Resultat
Perzentil nach korrekt beantworteten Fragen
Ihre Resultats-Entwicklung
Sie haben dieses Quiz noch nicht gespielt